[Event "Galapagar 8th op"]
[Site "Galapagar"]
[Date "2007.07.22"]
[Round "2.4"]
[White "Candela Perez, Jose"]
[Black "Hernandez Navas, Francisco Javier"]
[Result "1-0"]
[WhiteElo "2404"]
[BlackElo "2035"]
[PlyCount "83"]
[EventDate "2007.07.21"]
[EventType "swiss"]
[EventRounds "9"]
[EventCountry "ESP"]
[SourceTitle "EXT 2024"]
[Source "ChessBase"]
[SourceDate "2023.10.10"]
[SourceVersion "1"]
[SourceVersionDate "2023.10.10"]
[SourceQuality "1"]

1. d4 d5 2. c4 e6 3. Nc3 Nf6 4. Nf3 c5 5. cxd5 Nxd5 6. e4 cxd4 7. Qxd4 Nxc3 8. Qxc3 Nc6 9. Bb5 Bd7 10. 0-0 a6 11. Ba4 b5 12. Bb3 Rc8 13. Rd1 Qa5 14. Qd3 Rd8 15. Bg5 Be7 16. Bxe7 Nxe7 17. Ne5 Qc7 18. Qd4 f6 19. Nxd7 Rxd7 20. Qxd7+ Qxd7 21. Rxd7 Kxd7 22. Rd1+ Kc7 23. Bxe6 Rd8 24. Rxd8 Kxd8 25. f3 Kc7 26. Kf2 Kd6 27. Bb3 Kc5 28. Ke3 a5 29. Bf7 g5 30. g3 Nc6 31. f4 Nd4 32. fxg5 fxg5 33. e5 Nf5+ 34. Ke4 Ne7 35. Be6 h6 36. Bd7 b4 37. b3 h5 38. Be8 h4 39. g4 Nd5 40. Kf5 Kd4 41. e6 Nf4 42. Bc6 1-0

[Event "Galapagar op 07th"]
[Site "Galapagar"]
[Date "2006.07.27"]
[Round "6"]
[White "Ballesteros Gonzalez, David"]
[Black "Hernandez Navas, Francisco Javier"]
[Result "0-1"]
[WhiteElo "2257"]
[BlackElo "2040"]
[PlyCount "60"]
[EventDate "2006.07.22"]
[EventType "swiss"]
[EventRounds "7"]
[EventCountry "ESP"]
[SourceTitle "EXT 2007"]
[Source "ChessBase"]
[SourceDate "2006.11.23"]
[SourceVersion "1"]
[SourceVersionDate "2006.11.23"]
[SourceQuality "1"]

1. d4 d5 2. c4 dxc4 3. Nf3 Nf6 4. Nc3 b6 5. e4 e6 6. Bxc4 Bb7 7. 0-0 Nxe4 8. Qa4+ Nd7 9. Ne5 Nxc3 10. bxc3 a6 11. f4 b5 12. Qb3 Nxe5 13. fxe5 Bd5 14. Bxd5 Qxd5 15. Qc2 Be7 16. Rf3 c5 17. Be3 cxd4 18. cxd4 0-0 19. Rh3 g6 20. Rf1 f5 21. Rc1 f4 22. Bf2 f3 23. Rg3 Kg7 24. Qc7 Rf7 25. Rxf3 Raf8 26. Rxf7+ Rxf7 27. Qc2 Bg5 28. Rd1 Qc4 29. Qb3 Qe2 30. Rf1 Rxf2 0-1

[Event "Galapagar op 07th"]
[Site "Galapagar"]
[Date "2006.07.24"]
[Round "3"]
[White "Cuadrado Lopez, Francisco Javier"]
[Black "Hernandez Navas, Francisco Javier"]
[Result "1/2-1/2"]
[WhiteElo "1950"]
[BlackElo "2040"]
[PlyCount "103"]
[EventDate "2006.07.22"]
[EventType "swiss"]
[EventRounds "7"]
[EventCountry "ESP"]
[SourceTitle "EXT 2007"]
[Source "ChessBase"]
[SourceDate "2006.11.23"]
[SourceVersion "1"]
[SourceVersionDate "2006.11.23"]
[SourceQuality "1"]

1. e4 e6 2. d4 d5 3. e5 c5 4. c3 Nc6 5. Nf3 cxd4 6. cxd4 Bb4+ 7. Bd2 Qb6 8. a3 Bxd2+ 9. Qxd2 Nge7 10. Bd3 Bd7 11. Nc3 Nxd4 12. Nxd4 Qxd4 13. f4 a6 14. 0-0-0 Rc8 15. Kb1 Nc6 16. Rhf1 Na5 17. Ne2 Qb6 18. Rc1 0-0 19. Rxc8 Rxc8 20. Rc1 Rxc1+ 21. Nxc1 Nb3 22. Nxb3 Qxb3 23. Bc2 Qb6 24. h3 g6 25. g4 Kg7 26. f5 exf5 27. gxf5 Bxf5 28. Bxf5 gxf5 29. Qg5+ Qg6 30. Qf4 Qg1+ 31. Ka2 Kg6 32. Qb4 Kh5 33. Qxb7 Qg6 34. Qb4 Qe6 35. Qd4 Kg5 36. h4+ Kh5 37. b4 Qg6 38. a4 Qg2+ 39. Kb3 Qg3+ 40. Kc2 f4 41. Qxd5 Kxh4 42. Qxf7 Qf2+ 43. Kb3 Qe3+ 44. Kc2 Qxe5 45. Qxh7+ Kg3 46. Qg6+ Kf2 47. Qxa6 f3 48. b5 Ke3 49. Qh6+ Ke2 50. Qd2+ Kf1 51. b6 Qc5+ 52. Qc3 1/2-1/2

[Event "Madrid-ch Previa-A"]
[Site "Madrid"]
[Date "2002.10.29"]
[Round "5.1"]
[White "Hernandez Navas, Francisco Javier"]
[Black "Martin Consuegra, Barrilero Javier"]
[Result "1/2-1/2"]
[WhiteElo "1923"]
[BlackElo "1923"]
[PlyCount "44"]
[EventDate "2002.10.29"]
[EventType "swiss"]
[EventRounds "9"]
[EventCountry "ESP"]
[SourceTitle "EXT 2004"]
[Source "ChessBase"]
[SourceDate "2003.11.25"]
[SourceVersion "1"]
[SourceVersionDate "2003.11.25"]
[SourceQuality "1"]

1. c4 c6 2. Nc3 d5 3. cxd5 cxd5 4. d4 Nc6 5. Bf4 Nf6 6. e3 a6 7. Bd3 e6 8. h3 Bd6 9. Bxd6 Qxd6 10. a3 0-0 11. Nf3 Rd8 12. 0-0 e5 13. dxe5 Nxe5 14. Nd4 Nc6 15. b4 Nxd4 16. exd4 b6 17. Re1 Bb7 18. Re5 Nd7 19. Re3 Re8 20. Qe2 Nf6 21. Re1 Rxe3 22. Qxe3 Kf8 1/2-1/2